[Event "Istanbul Open 2017"]
[Site "Istanbul"]
[Date "2017.09.14"]
[Round "5"]
[White "Buker, Muhittin"]
[Black "Alaz, Ahmet Efekan"]
[Result "0-1"]
[WhiteElo "1969"]
[BlackElo "2053"]
[Annotator "NA RC"]
[PlyCount "162"]
[EventDate "2017.??.??"]
[EventType "swiss"]
[EventCountry "TUR"]
[SourceTitle "playchess.com"]
[Source "ChessBase"]
[SourceQuality "1"]
[TimeControl "5400+30"]

1. d4 {[%emt 0:02:30]} d5 {[%emt 0:01:00]} 2. Nf3 {[%emt 0:00:00]} Nf6 {[%emt 0:00:00]} 3. e3 {[%emt 0:00:00]} Bg4 {[%emt 0:01:00]} 4. c4 {[%emt 0:03:30]} e6 {[%emt 0:02:30] LiveBook: 15 Games} 5. Qa4+ {[%emt 0:06:30] D04: Colle System} (5. Qb3 Bxf3 6. Qxb7 Nbd7 7. gxf3 Be7 8. Nc3 O-O 9. cxd5 Rb8 10. Qxa7 exd5 11. Bh3 Nb6 12. O-O c5 13. Nb5 Qe8 {1-0 (40) Vakhidov,J (2508)-Pert,R (2443) Southend 2015}) 5... c6 {[%emt 0:01:30]} 6. Ne5 {[%emt 0:00:00]} Bf5 {[%emt 0:00:30]} 7. Bd3 $146 {[%emt 0:02:00]} ({Predecessor:} 7. cxd5 exd5 8. Qb3 Qc7 9. Nc3 Nbd7 10. Nxd7 Qxd7 11. Bd2 Bd6 12. Be2 O-O {1-0 (38) Westphal,K (1965)-Pandorf,H (1695) Hoehr-Grenzhausen 2004}) 7... Bxd3 {[%emt 0:02:30]} 8. Nxd3 {[%emt 0:00:30]} Nbd7 {[%emt 0:00:30]} 9. Qb3 {[%emt 0:05:30]} Qc7 10. Nc3 dxc4 11. Qxc4 e5 12. O-O {[%emt 0:39:00]} Be7 {[%emt 0:38:30]} 13. dxe5 {[%emt 0:00:30]} Nxe5 {[%emt 0:00:30]} 14. Nxe5 {[%emt 0:00:30]} Qxe5 {[%emt 0:00:30]} 15. e4 {[%emt 0:00:30]} Ng4 {[%emt 0:00:30]} 16. g3 {[%emt 0:00:30]} Qh5 {[%emt 0:00:30]} 17. h4 {[%emt 0:00:30]} Bxh4 {[%emt 0:00:30]} 18. Kg2 {[%emt 0:02:30]} ({Don't blunder} 18. gxh4 $2 Ne5 $19) 18... Be7 {[%emt 0:05:30]} 19. Rh1 {[%emt 0:00:30]} Qg6 {[%emt 0:00:30]} 20. Bf4 {[%emt 0:02:30]} O-O {[%emt 0:04:30]} 21. Rae1 {[%emt 0:06:30]} Bg5 {[%emt 0:03:30]} 22. e5 {[%emt 0:01:30]} Rfe8 {[%emt 0:27:10]} 23. Bxg5 {[%emt 0:13:30]} Qxg5 {[%emt 0:00:10]} 24. Qd3 {[%emt 0:00:30]} Qg6 {[%emt 0:01:37]} 25. Qxg6 {[%emt 0:00:30]} hxg6 {[%emt 0:00:12]} 26. f4 {[%emt 0:01:30]} Rad8 {[%emt 0:00:57]} 27. Kf3 {[%emt 0:04:30]} Nh6 {[%emt 0:01:26]} 28. Rd1 {[%emt 0:02:30]} Nf5 {[%emt 0:00:17]} 29. g4 {[%emt 0:00:30]} Nd4+ {[%emt 0:00:46]} 30. Ke4 {[%emt 0:00:30]} c5 {[%emt 0:01:29]} 31. f5 {[%emt 0:05:30]} Rd7 {[%emt 0:06:14]} (31... b6 $17) 32. Rh2 $2 {[%emt 0:09:35]} (32. Nd5 $11 {and White is okay.}) 32... gxf5+ {[%emt 0:05:26]} 33. gxf5 {[%emt 0:00:20] [#]} Rde7 $1 {[%emt 0:00:13]} 34. Kd3 {[%emt 0:09:49]} Rxe5 {[%emt 0:00:25]} 35. f6 {[%emt 0:00:10]} b5 {[%emt 0:04:57]} ({But not} 35... gxf6 {[#]} 36. Ne4 $1 $19 {[%mdl 512]}) (35... Nf3 $142 36. Rhh1 Rd8+ 37. Kc2 Nd4+ 38. Kb1 gxf6) 36. Rh3 {[%emt 0:01:26]} (36. Nxb5 $17 Nxb5 37. Rg1 Rd8+ 38. Kc2 Nd4+ 39. Kb1) 36... gxf6 {[%emt 0:00:51]} 37. Rg1+ {[%emt 0:00:33]} Kf8 {[%emt 0:01:08]} 38. Ne4 $2 {[%emt 0:00:23]} (38. Rh8+ Ke7 39. Rxe8+ Kxe8 40. Rg8+ Ke7 41. Ra8) 38... c4+ {[%emt 0:00:23]} 39. Kxd4 {[%emt 0:00:38]} Rxe4+ {[%emt 0:00:05]} 40. Kc5 {[%emt 0:00:13]} R4e5+ {[%emt 0:00:12]} 41. Kb4 {[%emt 0:00:38]} Ke7 {[%emt 0:00:23]} 42. Rf3 {[%emt 0:00:25]} f5 {[%emt 0:00:11]} 43. Rgf1 {[%emt 0:00:29]} Ke6 {[%emt 0:00:30]} 44. Ra3 {[%emt 0:00:15]} Ra8 {[%emt 0:00:59]} 45. Ra6+ {[%emt 0:00:09]} Ke7 {[%emt 0:00:44]} 46. Rf2 {[%emt 0:00:11]} Rb8 {[%emt 0:01:12]} 47. Rxa7+ {[%emt 0:00:18]} Kf6 {[%emt 0:00:11]} 48. Ra6+ {[%emt 0:00:53]} Re6 {[%emt 0:00:36]} 49. Ra5 {[%emt 0:00:13]} Reb6 {[%emt 0:00:22]} 50. a4 {[%emt 0:00:22]} bxa4+ {[%emt 0:00:21]} 51. Kxa4 {[%emt 0:01:09]} Rb4+ {[%emt 0:00:23]} 52. Ka3 {[%emt 0:00:04]} Rb3+ {[%emt 0:00:18]} 53. Ka2 {[%emt 0:00:12]} R3b5 {[%emt 0:00:31]} 54. Ra4 {[%emt 0:00:17]} Rb4 {[%emt 0:00:42]} 55. Ra5 {[%emt 0:00:15]} R8b5 {[%emt 0:00:09]} 56. Ra6+ {[%emt 0:00:05]} Rb6 {[%emt 0:00:20]} 57. Ra5 {[%emt 0:00:03]} R4b5 {[%emt 0:00:06]} 58. Ra4 {[%emt 0:00:03]} Rc6 {[%emt 0:00:29]} 59. Rf3 {[%emt 0:01:14]} Ke5 {[%emt 0:00:33]} 60. Ra7 {[%emt 0:00:04]} Ke4 {[%emt 0:00:49]} 61. Rf1 {[%emt 0:00:15]} f6 {[%emt 0:00:43]} 62. Re7+ {[%emt 0:00:21]} Re5 {[%emt 0:00:29]} 63. Re1+ {[%emt 0:00:07]} Kf4 {[%emt 0:01:17]} 64. Rf1+ {[%emt 0:00:12]} Ke3 {[%emt 0:00:37]} 65. Rxe5+ {[%emt 0:02:30]} fxe5 {[%emt 0:00:02]} 66. Rxf5 {[%emt 0:00:03]} e4 {[%emt 0:00:34]} 67. Kb1 {[%emt 0:00:31]} Kd2 {[%emt 0:00:44]} 68. Rd5+ {[%emt 0:00:18]} Ke2 {[%emt 0:00:11]} 69. Re5 {[%emt 0:00:12]} e3 {[%emt 0:00:02]} 70. Kc2 {[%emt 0:00:04]} Kf2 {[%emt 0:01:03]} 71. Rf5+ {[%emt 0:02:28]} Ke1 {[%emt 0:00:03]} 72. Re5 {[%emt 0:00:05]} e2 {[%emt 0:00:22]} 73. Kc3 {[%emt 0:00:11]} Kf2 {[%emt 0:01:08]} (73... Rb6 $142 74. Rd5 Re6) 74. Rf5+ {[%emt 0:00:05]} Ke3 {[%emt 0:00:13]} 75. Re5+ {[%emt 0:00:05]} Kf2 {[%emt 0:01:04]} 76. Rf5+ {[%emt 0:00:04]} Ke1 {[%emt 0:00:13]} 77. Re5 {[%emt 0:00:23]} Rc8 {[%emt 0:00:41]} 78. Re7 {[%emt 0:00:19]} Rb8 {[%emt 0:00:42]} 79. Re6 {[%emt 0:00:45]} Rb3+ {[%emt 0:00:29]} 80. Kc2 {[%emt 0:03:12]} Rf3 {[%emt 0:00:29]} 81. Re4 {[%emt 0:00:55]} Kf2 {[%emt 0:00:17]} 0-1

[Event "Istanbul Open 2017"]
[Site "Istanbul"]
[Date "2017.09.14"]
[Round "5"]
[White "Akin, Yagiz Cinar"]
[Black "Nuri, Murad"]
[Result "0-1"]
[WhiteElo "1823"]
[BlackElo "2285"]
[Annotator "TA"]
[PlyCount "136"]
[EventDate "2017.??.??"]
[EventType "swiss"]
[EventCountry "TUR"]
[SourceTitle "playchess.com"]
[Source "ChessBase"]
[SourceQuality "1"]

1. e4 {Program Activation Required} c5 2. Nf3 d6 3. d4 cxd4 4. Nxd4 Nf6 5. Nc3 a6 6. g3 Bg4 7. Qd3 {B91: Sizilianisch (Najdorf-Variante mit 6.g3)} (7. f3 Bd7 8. Be3 Nc6 9. Qd2 e6 10. O-O-O b5 11. g4 Nxd4 12. Qxd4 e5 13. Qd2 b4 14. Ne2 Qa5 15. Kb1 Be6 16. Nc1 Rb8 17. h4 {1-0 (29) Demchenko,A (2611)-Karthikeyan,P (2435) New Delhi 2015}) 7... g6 8. Bg2 Bg7 9. O-O $146 ({Vorgänger:} 9. f4 e5 10. Nb3 Nc6 11. Be3 O-O 12. h3 {½-½ (59) Kurajica,B-Sax,G (2445) Wijk aan Zee 1973}) 9... Bd7 10. h3 Nc6 11. Nxc6 bxc6 12. b3 O-O 13. Bb2 a5 14. Rad1 Qb8 15. Ba1 Rd8 16. Rfe1 Ne8 17. Qe3 Nc7 18. f4 Na6 19. a3 Qa7 20. Qxa7 Rxa7 21. Na4 Bxa1 22. Rxa1 c5 23. Nb6 Be6 24. Bf1 Rb8 25. Nd5 Bxd5 26. exd5 Kf8 27. Rab1 Nc7 28. Bc4 Nb5 29. Bxb5 Rxb5 30. Kf2 a4 31. bxa4 Rxb1 32. Rxb1 Rxa4 33. Rb3 Rd4 34. Rd3 Rc4 35. c3 Ra4 36. Kf3 Rxa3 37. g4 h6 38. Re3 Rb3 39. f5 g5 40. Ke4 Kg7 41. Kd3 Kf6 42. Ke4 Ra3 43. Kf3 Ra4 44. Re1 Rc4 45. Re3 h5 46. Kg3 Rf4 47. Re1 Rc4 48. Re3 Rf4 49. Re1 h4+ 50. Kg2 Rc4 51. Re3 Ra4 52. Kf3 Ra2 53. Ke4 Rd2 54. Re1 Rg2 55. Re3 Rd2 56. Re1 c4 57. Re3 Rd1 58. Rf3 Rd2 59. Re3 Rg2 60. Rf3 Rg3 61. Rxg3 hxg3 62. Kf3 Ke5 63. Kxg3 f6 64. h4 gxh4+ 65. Kxh4 Kxd5 66. Kh5 Ke5 67. Kg6 d5 68. Kf7 Kd6 0-1

[Event "Istanbul Open 2017"]
[Site "Istanbul"]
[Date "2017.09.14"]
[Round "5"]
[White "Kilic, Eray"]
[Black "Inel, Cihangir"]
[Result "1-0"]
[WhiteElo "1727"]
[BlackElo "1587"]
[Annotator "NA RC"]
[PlyCount "61"]
[EventDate "2017.??.??"]
[EventType "swiss"]
[EventCountry "TUR"]
[SourceTitle "playchess.com"]
[Source "ChessBase"]
[SourceQuality "1"]
[TimeControl "5400+30"]

1. e4 d5 2. exd5 Qxd5 3. Nc3 Qa5 4. Nf3 Bg4 5. Be2 Nf6 6. d4 c6 7. O-O e6 8. Bf4 Qd8 9. Qd2 Bb4 10. a3 Ne4 11. Qe3 Nxc3 12. bxc3 Bd6 {[%emt 0:38:30]} 13. Ne5 {[%emt 0:41:30]} Bxe2 {[%emt 0:00:30]} 14. Qxe2 {[%emt 0:00:30]} O-O {[%emt 0:00:30]} 15. Rab1 {[%emt 0:00:30]} Qf6 {[%emt 0:23:30]} 16. Bg3 {[%emt 0:11:30]} b6 {[%emt 0:01:30]} 17. Rb3 {[%emt 0:08:30]} Qf5 {[%emt 0:09:30]} 18. c4 {[%emt 0:10:30]} Bxe5 {[%emt 0:00:00]} 19. Bxe5 {[%emt 0:00:30]} Nd7 {[%emt 0:00:00]} 20. Rf3 {[%emt 0:00:00]} Qh5 {[%emt 0:00:30]} 21. Bxg7 {[%emt 0:01:00]} Rfd8 {[%emt 0:03:30]} 22. Be5 {[%emt 0:02:30]} Kf8 {[%emt 0:03:30]} 23. Bd6+ {[%emt 0:01:30]} Ke8 {[%emt 0:00:30]} 24. Re1 {[%emt 0:00:30]} Nf6 {[%emt 0:00:44]} 25. c5 {[%emt 0:01:30]} bxc5 {[%emt 0:04:54]} 26. dxc5 {[%emt 0:00:30]} Ng4 {[%emt 0:01:42]} 27. Qxe6+ {[%emt 0:00:30]} fxe6 {[%emt 0:00:30]} 28. Rxe6+ {[%emt 0:00:00]} Kd7 {[%emt 0:00:05]} 29. Re7+ {[%emt 0:00:00]} Kc8 {[%emt 0:00:04]} 30. Rc7+ {[%emt 0:00:00]} Kb8 {[%emt 0:00:11]} 31. Rb3# {[%emt 0:00:00]} 1-0

[Event "Istanbul Open 2017"]
[Site "Istanbul"]
[Date "2017.09.14"]
[Round "5"]
[White "Bagci, Hikmet"]
[Black "Hagverdiyev, Gahraman"]
[Result "1-0"]
[WhiteElo "1706"]
[BlackElo "1624"]
[Annotator "NA RC"]
[PlyCount "111"]
[EventDate "2017.??.??"]
[EventType "swiss"]
[EventCountry "TUR"]
[SourceTitle "playchess.com"]
[Source "ChessBase"]
[SourceQuality "1"]
[TimeControl "5400+30"]

1. e4 e6 2. d4 d5 3. Nc3 dxe4 4. Nxe4 Bd7 5. Nf3 Bc6 6. Bd3 Nd7 7. O-O Ngf6 8. Ng3 Bd6 9. Re1 O-O 10. Ne5 Bxe5 11. dxe5 Nd5 12. Qg4 Kh8 13. Bg5 Qe8 {[%emt 0:52:00]} 14. b4 {[%emt 0:28:00]} b5 {[%emt 0:00:30]} 15. a4 {[%emt 0:00:30]} a6 {[%emt 0:00:30]} 16. a5 {[%emt 0:00:30]} g6 {[%emt 0:00:30]} 17. Qh4 {[%emt 0:00:30]} f5 {[%emt 0:00:30]} 18. exf6 {[%emt 0:00:30]} N7xf6 {[%emt 0:00:30]} 19. c4 {[%emt 0:01:30]} bxc4 {[%emt 0:01:30]} 20. Bxc4 {[%emt 0:00:30]} Qf7 {[%emt 0:00:30]} 21. Rac1 {[%emt 0:05:30]} Rab8 {[%emt 0:04:30]} 22. Bxd5 {[%emt 0:08:30]} Bxd5 {[%emt 0:00:30]} 23. Be3 {[%emt 0:04:30]} Kg8 {[%emt 0:01:30]} 24. Bc5 {[%emt 0:00:30]} Rfe8 {[%emt 0:00:30]} 25. Qf4 {[%emt 0:01:30]} c6 {[%emt 0:00:30]} 26. f3 {[%emt 0:02:30]} Nd7 {[%emt 0:01:30]} 27. Qxf7+ {[%emt 0:01:30]} Kxf7 {[%emt 0:00:00]} 28. Bd6 {[%emt 0:00:30]} Rb5 {[%emt 0:01:00]} 29. Ne4 {[%emt 0:00:30]} Kg7 {[%emt 0:00:30]} 30. Nc3 {[%emt 0:00:30]} Rb7 {[%emt 0:00:30]} 31. Nxd5 {[%emt 0:00:30]} cxd5 {[%emt 0:00:30]} 32. Rc6 {[%emt 0:00:30]} Ra7 {[%emt 0:00:30]} 33. f4 {[%emt 0:00:30]} Kf7 {[%emt 0:00:30]} 34. Rec1 {[%emt 0:03:30]} Rd8 {[%emt 0:02:30]} 35. Rc7 {[%emt 0:00:00]} Rxc7 {[%emt 0:00:30]} 36. Rxc7 {[%emt 0:00:00]} Ke8 {[%emt 0:00:30]} 37. Ra7 {[%emt 0:01:30]} Rc8 {[%emt 0:00:30]} 38. Rxa6 {[%emt 0:00:00]} Rc2 {[%emt 0:01:30]} 39. Ra8+ {[%emt 0:01:00]} Kf7 {[%emt 0:00:30]} 40. Ra7 {[%emt 0:03:30]} Ke8 {[%emt 0:00:00]} 41. Rc7 {[%emt 0:00:30]} Ra2 {[%emt 0:00:00]} 42. Kf1 {[%emt 0:02:30]} d4 {[%emt 0:00:30]} 43. Rc4 {[%emt 0:00:30]} d3 {[%emt 0:00:30]} 44. Rd4 {[%emt 0:01:30]} Ra3 {[%emt 0:00:30]} 45. Ke1 {[%emt 0:00:30]} Nf6 {[%emt 0:01:30]} 46. Kd2 {[%emt 0:00:30]} h5 {[%emt 0:02:30]} 47. Bc5 {[%emt 0:01:30]} Nd5 {[%emt 0:00:30]} 48. Rxd3 {[%emt 0:00:30]} Ra2+ {[%emt 0:00:30]} 49. Kc1 {[%emt 0:01:30]} Nxf4 {[%emt 0:00:30]} 50. Rf3 {[%emt 0:02:30]} Nxg2 {[%emt 0:01:30]} 51. Rf2 {[%emt 0:00:30]} Rxf2 {[%emt 0:01:30]} 52. Bxf2 {[%emt 0:00:30]} Kd7 {[%emt 0:00:00]} 53. a6 {[%emt 0:01:30]} Kc7 {[%emt 0:00:00]} 54. b5 {[%emt 0:00:00]} h4 {[%emt 0:01:30]} 55. b6+ {[%emt 0:00:00]} Kb8 {[%emt 0:00:00]} 56. Bc5 {[%emt 0:00:30]} 1-0

[Event "Istanbul Open 2017"]
[Site "Istanbul"]
[Date "2017.09.14"]
[Round "5"]
[White "Keskin, Elif"]
[Black "Sar, Can"]
[Result "1/2-1/2"]
[WhiteElo "1561"]
[BlackElo "1669"]
[Annotator "NA RC"]
[PlyCount "173"]
[EventDate "2017.??.??"]
[EventType "swiss"]
[EventCountry "TUR"]
[SourceTitle "playchess.com"]
[Source "ChessBase"]
[SourceQuality "1"]
[TimeControl "5400+30"]

1. d4 d5 2. Bg5 g6 3. c4 Bg7 4. Nc3 c6 5. e3 Nf6 6. Nf3 O-O 7. Bd3 Be6 8. cxd5 Nxd5 9. O-O Nd7 10. a3 N7f6 11. Rc1 Nxc3 12. bxc3 Qa5 13. a4 Bg4 {[%emt 0:44:00]} 14. Bh4 {[%emt 0:38:00]} Rfe8 {[%emt 0:00:30]} 15. c4 {[%emt 0:00:30]} e5 {[%emt 0:00:30]} 16. dxe5 {[%emt 0:01:30]} Nd7 {[%emt 0:00:30]} 17. Bf6 {[%emt 0:00:30]} Nxf6 {[%emt 0:07:30]} 18. exf6 {[%emt 0:00:30]} Bxf6 {[%emt 0:02:30]} 19. h3 {[%emt 0:12:30]} Be6 {[%emt 0:00:30]} 20. Nd4 {[%emt 0:00:30]} Bxd4 {[%emt 0:00:30]} 21. exd4 {[%emt 0:00:30]} Rad8 {[%emt 0:00:30]} 22. Bb1 {[%emt 0:00:30]} Qb6 {[%emt 0:00:30]} 23. Qc2 {[%emt 0:00:30]} Rxd4 {[%emt 0:00:30]} 24. Ba2 {[%emt 0:00:30]} c5 {[%emt 0:00:30]} 25. Rfd1 {[%emt 0:00:30]} Red8 {[%emt 0:00:30]} 26. Rxd4 {[%emt 0:00:30]} Rxd4 {[%emt 0:00:30]} 27. Rb1 {[%emt 0:00:30]} Qc7 {[%emt 0:00:30]} 28. Qb2 {[%emt 0:00:30]} Bxc4 {[%emt 0:00:30]} 29. Bxc4 {[%emt 0:00:30]} Rxc4 {[%emt 0:00:30]} 30. Re1 {[%emt 0:06:30]} Qd7 {[%emt 0:02:30]} 31. Qf6 {[%emt 0:00:30]} Rd4 {[%emt 0:00:30]} 32. Re7 {[%emt 0:00:30]} Rd1+ {[%emt 0:00:30]} 33. Kh2 {[%emt 0:00:30]} Qd6+ {[%emt 0:00:30]} 34. Qxd6 {[%emt 0:00:30]} Rxd6 {[%emt 0:00:30]} 35. Rxb7 {[%emt 0:01:30]} Ra6 {[%emt 0:00:30]} 36. Rc7 {[%emt 0:00:30]} Rxa4 {[%emt 0:00:30]} 37. Rxc5 {[%emt 0:00:30]} Ra1 {[%emt 0:00:30]} 38. Rc6 {[%emt 0:00:30]} a5 {[%emt 0:00:00]} 39. Ra6 {[%emt 0:00:00]} a4 {[%emt 0:00:00]} 40. Kg3 {[%emt 0:02:00]} a3 {[%emt 0:00:30]} 41. Kg4 {[%emt 0:02:30]} a2 {[%emt 0:00:30]} 42. Kg5 {[%emt 0:02:30]} Kg7 {[%emt 0:00:00]} 43. Kg4 {[%emt 0:00:30]} h6 {[%emt 0:01:00]} 44. Kg3 {[%emt 0:00:30]} Kf8 {[%emt 0:00:30]} 45. Kf3 {[%emt 0:03:30]} Ke7 {[%emt 0:00:00]} 46. Ke2 {[%emt 0:01:30]} Kd7 {[%emt 0:01:00]} 47. h4 {[%emt 0:01:30]} h5 {[%emt 0:00:30]} 48. Kf3 {[%emt 0:01:30]} Kc7 {[%emt 0:00:30]} 49. Kf4 {[%emt 0:00:00]} f6 {[%emt 0:00:30]} 50. Kf3 {[%emt 0:02:00]} Kb7 {[%emt 0:00:30]} 51. Ra3 {[%emt 0:00:30]} Kc6 {[%emt 0:00:30]} 52. Ke2 {[%emt 0:00:30]} Kd5 {[%emt 0:00:30]} 53. Kf3 {[%emt 0:00:00]} Ke5 {[%emt 0:01:30]} 54. g3 {[%emt 0:01:00]} g5 {[%emt 0:00:30]} 55. Ra8 {[%emt 0:01:30]} Kf5 {[%emt 0:02:30]} 56. Ra5+ {[%emt 0:00:30]} Kg6 {[%emt 0:00:00]} 57. Ra6 {[%emt 0:01:30]} Kf5 {[%emt 0:01:00]} 58. Ra5+ {[%emt 0:00:00]} Ke6 {[%emt 0:00:30]} 59. Ra6+ {[%emt 0:00:00]} Kd5 {[%emt 0:00:00]} 60. Ra8 {[%emt 0:00:30]} Kc4 {[%emt 0:00:00]} 61. Ra7 {[%emt 0:01:30]} Kc3 {[%emt 0:00:30]} 62. Ra8 {[%emt 0:01:30]} Kd2 {[%emt 0:00:30]} 63. Ra7 {[%emt 0:01:30]} Ke1 {[%emt 0:00:00]} 64. Kg2 {[%emt 0:01:30]} g4 {[%emt 0:01:00]} 65. Ra8 {[%emt 0:00:30]} f5 {[%emt 0:00:30]} 66. Ra7 {[%emt 0:00:30]} Kd2 {[%emt 0:00:30]} 67. Ra8 {[%emt 0:00:30]} Kd3 {[%emt 0:00:30]} 68. Ra7 {[%emt 0:00:00]} f4 {[%emt 0:02:30]} 69. gxf4 {[%emt 0:03:14]} Ke4 {[%emt 0:00:30]} 70. Ra4+ {[%emt 0:01:40]} Kf5 {[%emt 0:00:00]} 71. Ra8 {[%emt 0:00:43]} Kxf4 {[%emt 0:02:00]} 72. Ra7 {[%emt 0:01:18]} Ke5 {[%emt 0:00:00]} 73. Ra8 {[%emt 0:00:53]} Kd6 {[%emt 0:01:00]} 74. Ra7 {[%emt 0:00:22]} Kc6 {[%emt 0:00:30]} 75. Ra8 {[%emt 0:00:34]} Kb6 {[%emt 0:00:30]} 76. Ra3 {[%emt 0:00:36]} Kb7 {[%emt 0:00:00]} 77. Ra4 {[%emt 0:00:22]} Kb6 {[%emt 0:01:00]} 78. Ra8 {[%emt 0:00:26]} Kc5 {[%emt 0:00:30]} 79. Ra7 {[%emt 0:00:27]} Kd4 {[%emt 0:00:30]} 80. Ra8 {[%emt 0:00:24]} Kd3 {[%emt 0:01:30]} 81. Ra7 {[%emt 0:00:58]} Kc3 {[%emt 0:00:30]} 82. Ra8 {[%emt 0:00:30]} Kb2 {[%emt 0:00:30]} 83. Rb8+ {[%emt 0:00:15]} Kc3 {[%emt 0:00:30]} 84. Ra8 {[%emt 0:00:23]} Kd3 {[%emt 0:00:00]} 85. Ra7 {[%emt 0:00:12]} Ke4 {[%emt 0:01:00]} 86. Ra8 {[%emt 0:00:15]} Kf4 {[%emt 0:01:30]} 87. Ra7 {[%emt 0:00:10]} 1/2-1/2

[Event "Istanbul Open 2017"]
[Site "Istanbul"]
[Date "2017.09.14"]
[Round "5"]
[White "Salt, Ilayda"]
[Black "Aydin, Ali Umut"]
[Result "0-1"]
[WhiteElo "1554"]
[BlackElo "1627"]
[Annotator "NA RC"]
[PlyCount "110"]
[EventDate "2017.??.??"]
[EventType "swiss"]
[EventCountry "TUR"]
[SourceTitle "playchess.com"]
[Source "ChessBase"]
[SourceQuality "1"]
[TimeControl "5400+30"]

1. d4 d5 2. c4 Nc6 3. Nf3 Bg4 4. e3 e6 5. Be2 Nf6 6. Qb3 Rb8 7. Nc3 Be7 8. O-O O-O 9. h3 Bh5 {[%emt 0:40:00]} 10. cxd5 {[%emt 0:41:00]} exd5 {[%emt 0:00:30]} 11. Rd1 {[%emt 0:00:30]} Bg6 {[%emt 0:00:30]} 12. Ne5 {[%emt 0:00:30]} Bd6 {[%emt 0:12:30]} 13. Nxg6 {[%emt 0:00:30]} hxg6 {[%emt 0:00:30]} 14. Bf3 {[%emt 0:00:30]} Na5 {[%emt 0:00:30]} 15. Qa4 {[%emt 0:02:30]} c6 {[%emt 0:02:30]} 16. Be2 {[%emt 0:10:30]} b5 {[%emt 0:01:30]} 17. Qc2 {[%emt 0:01:30]} Re8 {[%emt 0:11:30]} 18. Bd3 {[%emt 0:05:30]} Bc7 {[%emt 0:03:30]} 19. Bd2 {[%emt 0:12:30]} Qd6 {[%emt 0:23:20]} 20. g3 {[%emt 0:22:39]} Nh5 {[%emt 0:00:30]} 21. Ne2 {[%emt 0:00:36]} Nc4 {[%emt 0:00:30]} 22. Bxc4 {[%emt 0:00:37]} bxc4 {[%emt 0:00:30]} 23. Kg2 {[%emt 0:00:36]} Nf6 {[%emt 0:00:30]} 24. Nc3 {[%emt 0:00:39]} Ne4 {[%emt 0:00:30]} 25. Nxe4 {[%emt 0:00:37]} Rxe4 {[%emt 0:00:30]} 26. Be1 {[%emt 0:00:36]} g5 {[%emt 0:00:30]} 27. Qe2 {[%emt 0:00:36]} f5 {[%emt 0:02:22]} 28. f3 {[%emt 0:00:08]} Re6 {[%emt 0:00:41]} 29. Qf2 {[%emt 0:00:30]} Rbe8 {[%emt 0:00:07]} 30. Bd2 {[%emt 0:00:49]} f4 {[%emt 0:00:28]} 31. Re1 {[%emt 0:00:51]} fxg3 {[%emt 0:00:30]} 32. Qg1 {[%emt 0:00:03]} Rh6 {[%emt 0:00:44]} 33. e4 {[%emt 0:00:30]} dxe4 {[%emt 0:00:35]} 34. fxe4 {[%emt 0:00:30]} Qe6 {[%emt 0:00:37]} 35. Qh1 {[%emt 0:00:30]} Rf8 {[%emt 0:00:37]} 36. Re2 {[%emt 0:00:30]} Qf6 {[%emt 0:00:06]} 37. Rf1 {[%emt 0:00:38]} Qxf1+ {[%emt 0:00:27]} 38. Qxf1 {[%emt 0:00:02]} Rxf1 {[%emt 0:00:04]} 39. Kxf1 {[%emt 0:00:04]} Rxh3 {[%emt 0:00:16]} 40. e5 {[%emt 0:00:38]} Rh1+ {[%emt 0:00:52]} 41. Kg2 {[%emt 0:00:20]} Rh2+ {[%emt 0:00:08]} 42. Kf3 {[%emt 0:00:24]} g4+ {[%emt 0:00:21]} 43. Ke3 {[%emt 0:01:17]} Bb6 {[%emt 0:01:06]} 44. Bc3 {[%emt 0:00:58]} Bd8 {[%emt 0:01:18]} 45. Re1 {[%emt 0:00:29]} Bg5+ {[%emt 0:00:34]} 46. Ke4 {[%emt 0:00:39]} g6 {[%emt 0:00:29]} 47. e6 {[%emt 0:00:17]} Kf8 {[%emt 0:00:41]} 48. Ke5 {[%emt 0:00:44]} g2 {[%emt 0:00:15]} 49. Bb4+ {[%emt 0:00:22]} Ke8 {[%emt 0:00:16]} 50. d5 {[%emt 0:00:50]} Rh1 {[%emt 0:00:34]} 51. d6 {[%emt 0:00:00]} Rxe1+ {[%emt 0:00:20]} 52. Bxe1 {[%emt 0:00:27]} g1=Q {[%emt 0:00:51]} 53. d7+ {[%emt 0:00:06]} Kf8 {[%emt 0:00:11]} 54. Bb4+ {[%emt 0:00:21]} c5 {[%emt 0:00:08]} 55. Ba5 {[%emt 0:01:25]} Qd4# {[%emt 0:00:06]} 0-1

[Event "Istanbul Open 2017"]
[Site "Istanbul"]
[Date "2017.09.14"]
[Round "5"]
[White "Inciler, Yusuf Efe"]
[Black "Gurses, Ayberk"]
[Result "1-0"]
[WhiteElo "1494"]
[BlackElo "1601"]
[Annotator "NA RC"]
[PlyCount "59"]
[EventDate "2017.??.??"]
[EventType "swiss"]
[EventCountry "TUR"]
[SourceTitle "playchess.com"]
[Source "ChessBase"]
[SourceQuality "1"]
[TimeControl "5400+30"]

1. d4 Nf6 2. c4 g6 3. Nc3 d5 4. cxd5 Nxd5 5. e4 Nxc3 6. bxc3 Bg7 7. Nf3 O-O 8. Be2 c5 9. Rb1 Qa5 10. Qd2 a6 11. O-O Nc6 12. Rd1 Rd8 13. d5 Bxc3 14. Qh6 {[%emt 0:20:00]} Bg7 {[%emt 0:59:30]} 15. Qh4 {[%emt 0:00:30]} Nd4 {[%emt 0:02:30]} 16. Nxd4 {[%emt 0:00:30]} Bxd4 {[%emt 0:00:30]} 17. Qxe7 {[%emt 0:00:30]} Kg7 {[%emt 0:00:30]} 18. e5 {[%emt 0:03:30]} Rxd5 {[%emt 0:19:26]} 19. Bc4 {[%emt 0:00:30]} Qd8 {[%emt 0:00:37]} 20. Qf6+ {[%emt 0:00:30]} Qxf6 {[%emt 0:00:35]} 21. exf6+ {[%emt 0:00:30]} Kxf6 {[%emt 0:00:11]} 22. Bxd5 {[%emt 0:00:30]} Rb8 {[%emt 0:00:27]} 23. Bb2 {[%emt 0:00:30]} Bxb2 {[%emt 0:00:55]} 24. Rxb2 {[%emt 0:00:00]} b5 {[%emt 0:00:48]} 25. Rc1 {[%emt 0:00:00]} Be6 {[%emt 0:02:45]} 26. Bxe6 {[%emt 0:00:30]} fxe6 {[%emt 0:00:15]} 27. Rxc5 {[%emt 0:00:30]} Rd8 {[%emt 0:00:08]} 28. f3 {[%emt 0:00:00]} Rd4 {[%emt 0:00:15]} 29. Rc6 {[%emt 0:00:00]} Ra4 {[%emt 0:00:10]} 30. Re2 {[%emt 0:00:30]} 1-0